00716nam a2200169 a 450000100100000000500170001000800410002704000250006808200160009310000420010924501600015126000740031130000200038504900090040595201150041499900170052900003322220200930070116.0110823s1945 dr 000 0 spa d aDO-SdBNPbspacBNPHU axxxxbC843i1 aCotés Bobadilla, Santiago C.95885413aLa no intervención de los estados en los asuntos internos de los demás estados, como medio de asergurar la paz mundial /cSantiago C. Cortes Bobadilla. aCiudad Trujillo, República Dominicana :bEditora del Caribe,c1945. a49 p. ;c23 cm. aBNPD 00107-18PDaPDbPDcOId2011-08-23iLF1l0oxxxx C843ip33222-10r2020-06-25w2020-06-25yLFPDZNo se presta c32713d32713